Kemal (Record no. 8620)

MARC details
000 -BAŞLIK
Sabit Uzunlukta Kontrol Alanı 01257na a2200325 4500
001 - KONTROL NUMARASI
Denetim Alanı 16990
003 - KONTROL NUMARASI IDENTIFIER
Denetim Alanı MIRAKIL
005 - SON İŞLEM TARİHİ VE ZAMANI
Denetim Alanı 20181213155218.0
008 - SABİT-BOY VERİ ELEMANLARI - GENEL BİLGİLER
Sabit Uzunlukta Kontrol Alanı 161020b tu 000 0
020 ## - ULUSLARARASI STANDART KİTAP NUMARASI
Uluslararası Standart Kitap Numarası 9789944337243
035 ## - SİSTEM KONTROL NUMARASI
Sistem Kontrol Numarası 16990
040 ## - KATALOGLAMA KAYNAK
Orijinal Kataloglama Ajansı Milas
Kataloglama Dili tur
Metne Dönüştürmek Ajansı TR-AnCHP
041 ## - DİL KODU
Metin / Ses Parça Veya Ayrı Başlığın Dil Kodu tur
082 ## - DEWEY ONLU SINIFLANDIRMA NUMARASI
Sınıflandırma Numarası CHP 923.2 Kılıçdaroğlu,K.
Ürün Numarası K45k 2010
090 ## - SINIFLAMA NUMARASI
Sınıflama Numarası CHP 923.2 Kılıçdaroğlu,K. K45k 2010
100 ## - ANA GİRİŞ - KİŞİSEL İSİM
Kişisel Ad Kındıra, Zübeyir
245 ## - BAŞLIK TABLOSU
Başlık Kemal
Sorumluluk Tablosu, Vb Zübeyir Kındıra
260 ## - YAYIN, DAĞITIM, VB
Yayın, Dağıtım, Vb Yeri İstanbul
Yayıncı, Dağıtıcı, Vs Adı Togan
Yayın, Dağıtım, Vb Tarihi 2010
300 ## - FİZİKSEL TANIM
Kapsam 159 s.
Diğer Fiziksel Ayrıntıları res.
Boyutlar 21 sm.
440 ## - SERİSİ TABLOSU / KATMA GİRİŞİ - BAŞLIK
Başlık Togan yayınları
Hacim / Ardışık Tanımı 31
490 ## - SERİSİ TABLOSU
Seri Beyanı Araştırma İnceleme dizisi
505 ## - BİÇİMLENDİRİLDİ İÇİNDEKİLER NOT
Biçimlendirilmiş İçeriği Dikkat MANZARA --Yeni oyuncu - GANDİ -- Herkes kendine benzer - Yaşamı - KILIÇ -- Düellocu Kemal - -ADAY -- İkinci Kemal oluyor - Rüzgar - YÜRÜYÜŞ -- Kurultay - Kemal'in yerine Kemal oturdu - Kılıçdaroğlu'nun evinde - Son söz
600 ## - KONU KATMA GİRİŞ - KURUMSAL ADI
Kişisel Ad Kılıçdaroğlu, Kemal
Başlıklar Ve Bir Adla İlişkili Diğer Kelimeler CHP Genel Başkanı
Genel Alt Bölümü Yaşamöyküsü
610 ## - KONU KATMA GİRİŞ - TOPLANTI ADI
Giriş Elemanı Olarak Kurumsal Ad Veya Yargı Alanı Adı CHP
Genel Alt Bölüm Siyaset ve yönetim
Kronolojik Alt Bölüm Kılıçdaroğlu Dönemi (2010- )
610 ## - KONU KATMA GİRİŞ - TOPLANTI ADI
Giriş Elemanı Olarak Kurumsal Ad Veya Yargı Alanı Adı CHP Genel başkanları
Genel Alt Bölüm Yaşamöyküsü
650 ## - KONU KATMA GİRİŞ - TOPİKAL DÖNEM
Topikal Süreli Veya Coğrafi Ad Giriş Elemanı Türk siyasetçiler
Genel Alt Bölümü Yaşamöyküsü
651 ## - KONU KATMA GİRİŞ - COĞRAFİ ADI
Coğrafi İsim Türkiye
Genel Alt Bölümü Siyaset ve yönetim
Kronolojik Alt Bölümü 2002-
942 ## - EKLENDİ GİRİŞ ELEMANLARI (KOHA)
Sınıflandırma Veya Raf Düzeni Kaynak
Koha Öğesi Türü Books
999 ## - SİSTEM KONTROL NUMARALARI (KOHA)
Koha Biblionumber 8620
Koha Biblioitemnumber 8620
657 ## - INDEX SÜRE - İŞLEVİ
-- Gandi Kemal
Holdings
Kalıcı Konum Mevcut Konum Edinme Tarihi Edinim Kaynak Toplam Check-Out'Lar Tam Çağrı Numarası Barkod Tarih Son Görülme İtibaren Geçerli Fiyatlar Koha Öğesi Türü Kopya Sayısı
CHP Kütüphanesi CHP Kütüphanesi 10/20/2016 Bağış   CHP 923.2 Kılıçdaroğlu,K. K45k 2010 006956 10/20/2016 10/20/2016 Books  
CHP Kütüphanesi CHP Kütüphanesi 10/20/2016 Bağış   CHP 923.2 Kılıçdaroğlu,K. K45k 2010 006957 10/20/2016 10/20/2016 Books k.2